| 000 | 02191cam a22001934a 4500 | ||
|---|---|---|---|
| 005 | 20250605164125.0 | ||
| 008 | 250528s ||||||||||||||||||||||||d | ||
| 035 | _a18437 | ||
| 020 | _a9602205806 | ||
| 040 |
_aGR-AtMCL _bgre _dGR-AtMCL _eAACR2 |
||
| 245 | 1 | _aΞενοδοχειακή Λογιστική | |
| 260 |
_bΠειραιάς, _c1999 |
||
| 300 | _a480 | ||
| 520 | _aΠρόλογος, Εισαγωγή, Ξενοδοχειακές Επιχειρήσεις, Οργάνωση Ξενοδοψειακών Επιχειρήσεων, Βιβλία και Στοιχεία Ξενοδοχειακών Επιχειρήσεων, Οι Σχέσεις του Ξενοδοχείου με Διάφορες Υπηρεσίες, Οι Δείκτες στην Ξενοδοχειακή Επιχείρηση, Μελέτη Λογιστικού Σχεδίου των Ξενοδοχειακών Επιχειρήσεων, Ανάλυση και Λειτουργία των Λογαριασμών της 1ης Ομάδος, Ανάλυση και Λειτουργία των Λογαριασμών της 2ης Ομάδος, Ανάλυση και Λειτουργίας των Λογαριασμών της 3ης Ομάδος, Ανάλυση και Λειτουργίας των Λογαριασμών της 4ης Ομάδος, Ανάλυση και Λειτουργίας των Λογαριασμών της 5ης Ομάδος, Ανάλυση και Λειτουργίας των Λογαριασμών της 6ης Ομάδος, Ανάλυση και Λειτουργίας των Λογαριασμών της 7ης Ομάδος, Ανάλυση και Λειτουργίας των Λογαριασμών της 8ης Ομάδος, Ανάλυση και Λειτουργίας των Λογαριασμών της 10ης Ομάδος, Παράδειγμα Εφαρμογής, Αναλυτική Λογιστική Εκμεταλεύσεως, Παράδειγμα Εφαρμογής της Αναλυτικής Λογιστικής, Παράρτημα, Βιβλιογραφία. | ||
| 700 | 1 |
_aΛεκαράκου - Νιζάμη Κατερίνα _92772 |
|
| 942 | _cBK | ||
| 999 |
_c3798 _d3798 |
||